000 00587nam a2200229 a 4500
001 nice12345678
003 IN_TiNIC
005 20260116011827.0
008 050524s1964 hyda grp 000 0 eng
020 _a
_c0.6
082 0 0 _a150
_bALL
100 _aAlladin, Ali Mohammad
245 _aMental Efficiency
_b Key to Successful Living.
260 _aHyderabad
_bOsmania University
_c1964
300 _a30p
500 _aincludes index and biblioraphy
505 2 _aworld christian books
700 1 _aAlladin, Ali Mohammad
902 _bSRS
942 _cBK
999 _c4257
_d4257